00441nam a2200157Ia 4500003000900000008004100009040001600050080001900066245005400085260002600139300001300165650003200178650003200210650001900242700002200261IN-BaIIA211028s9999 xx 000 0 eng d cIIA Library a[8]:01:00bRUT 0aRutherford at Manchestercedited by J. B. Birks  aLondonbHeywoodc1962 ax, 364p. aBiography-Ernest Rutherford aErnest Rutherford biography aNASA Thesaurus aBirks, J. B., ed.